Architecture : From prehistory to post-modernism - (Record no. 175434)
[ view plain ]
| 000 -LEADER | |
|---|---|
| fixed length control field | 00713nam a2200205 4500 |
| 001 - CONTROL NUMBER | |
| control field | vtls001420960 |
| 003 - CONTROL NUMBER IDENTIFIER | |
| control field | MY-SjTCS |
| 005 - DATE AND TIME OF LATEST TRANSACTION | |
| control field | 20200226121036.0 |
| 008 - FIXED-LENGTH DATA ELEMENTS--GENERAL INFORMATION | |
| fixed length control field | 110218 1986 00 eng |
| 020 ## - INTERNATIONAL STANDARD BOOK NUMBER | |
| International Standard Book Number | 0810910772 |
| 039 #9 - LEVEL OF BIBLIOGRAPHIC CONTROL AND CODING DETAIL [OBSOLETE] | |
| Level of rules in bibliographic description | 201909191710 |
| Level of effort used to assign nonsubject heading access points | dianafitri |
| Level of effort used to assign subject headings | 201102181509 |
| Level of effort used to assign classification | VLOAD |
| -- | 200407271856 |
| -- | VLOAD |
| 082 04 - DEWEY DECIMAL CLASSIFICATION NUMBER | |
| Classification number | 720.9 |
| Item number | TRA |
| 100 1# - MAIN ENTRY--PERSONAL NAME | |
| Personal name | Trachtenberg, Marvin. |
| 9 (RLIN) | 8027 |
| 245 10 - TITLE STATEMENT | |
| Title | Architecture : From prehistory to post-modernism - |
| Remainder of title | The western tradition / |
| Statement of responsibility, etc. | Marvin Trachtenberg, Isabella Hyman. |
| 260 ## - PUBLICATION, DISTRIBUTION, ETC. | |
| Place of publication, distribution, etc. | New York : |
| Name of publisher, distributor, etc. | Harry N. Abrams, Inc., |
| Date of publication, distribution, etc. | 1986 |
| 300 ## - PHYSICAL DESCRIPTION | |
| Extent | 606 p. : |
| Other physical details | ill. ; |
| Dimensions | 31 cm. |
| 650 #0 - SUBJECT ADDED ENTRY--TOPICAL TERM | |
| Topical term or geographic name entry element | Architecture |
| General subdivision | History. |
| 9 (RLIN) | 7995 |
| 700 1# - ADDED ENTRY--PERSONAL NAME | |
| Personal name | Hyman, Isabelle (j.a.) |
| 9 (RLIN) | 93785 |
| 920 ## - Programme | |
| Programme | BRI 522287 |
| Withdrawn status | Lost status | Source of classification or shelving scheme | Damaged status | Not for loan | Home library | Current library | Date acquired | Total Checkouts | Barcode | Date last seen | Date last checked out | Copy number | Koha item type | Public note |
|---|---|---|---|---|---|---|---|---|---|---|---|---|---|---|
| Withdrawn | Dewey Decimal Classification | Taylor's Library-TU | Taylor's Library-TU | 29/12/2004 | 15 | 5000038412 | 12/12/2019 | 20/04/2010 | 1 | Reference Collection | SABDx,23003,02,GR |